| 000 | 00856nam a2200253 a 4500 | ||
|---|---|---|---|
| 999 |
_c10988 _d10988 |
||
| 001 | 10988 | ||
| 003 | BD-JhCC | ||
| 005 | 20200413134009.0 | ||
| 008 | 190616s20042016bg |||| |||| 000 0 ben d | ||
| 020 | _a9847000002931 | ||
| 035 | _a(BD-JhCC)10988 | ||
| 040 |
_aBD-JhCC _dBD-JhCC |
||
| 041 | _aben | ||
| 082 |
_a921.8 _bSID 2016 |
||
| 100 | _aসিদ্দিকী, জহুরুল আলম | ||
| 245 |
_aপ্লেটো / _cজহুরুল আলম সিদ্দিকী, |
||
| 260 |
_aঢাকা : _bজাতীয় সাহিত্য প্রকাশ, _c২০১৬. |
||
| 300 |
_a৭২ পৃ. : _c২০ সেমি. |
||
| 504 | _aগ্রন্থপঞ্জি অর্ন্তভূক্ত | ||
| 600 | _aPlato | ||
| 650 | _aPhilosophers and psychologists | ||
| 650 | _aBiography | ||
| 942 |
_2ddc _cBK _02 |
||